Top 10 najzimniejszych krajów europejskich - Statystyki

Ogólne statystyki
  • Ten quiz został rozwiązany 4 319 razy
  • Średni wynik to 8 z 10
Statystyki odpowiedzi
° C Kraj % Poprawnych
-5.10 Rosja
98%
1.50 Norwegia
97%
2.10 Szwecja
97%
1.70 Finlandia
96%
1.75 Islandia
92%
5.10 Estonia
88%
5.60 Łotwa
85%
6.15 Białoruś
70%
5.50 Szwajcaria
48%
5.65 Liechtenstein
32%
Nie znaleziono quizów pasujących do podanych kryteriów
Rozkład punktacji
Procent ludzi z każdym wynikiem
Percentyl według liczby udzielonych odpowiedzi
Twoja historia wyników
Nie rozwiązałeś tego quizu